000
002520000a22000970004500
100
1
_a
Kidner, Derek
245
1
0
_a
How do we determine the messianic material in te Psalm?
300
_a
Vol. 6, Núm 2 (1988), Páginas 14
773
0
_t
Evangel
942
_c
ANA
999
_c
54306
_d
54306